000 01095cam a2200265 i 4500
005 20200104041522.0
008 021003s1998 ve a b 000 0 spa d
040 _aGZM
_cGZM
_dDLC
_dCO-BoIAVH
041 0 _aspa
044 _ave
082 0 4 _a333.7317
_bZ87z
245 0 0 _aZonificación ecológica-económica :
_buna propuesta metodológica para la Amazonia /
_c[coordinación general: Victor Carazo ; edición: Fanny de la Torre ; composición de textos: Enrique Elías].
260 _aCaracas, Venezuela :
_bTratado de Cooperación, Secretaria pro tempore,
_c[1998].
300 _avii, 272 páginas :
_bIlustraciones ;
_c28 x 21 cm.
650 1 4 _aPolítica ambiental.
650 2 4 _aZonificación
650 2 4 _aZonificación económica
650 2 4 _aDesarrollo sostenible
_zAmazon River Region.
650 2 4 _aÁreas protegidas
700 1 _aCarazo, Víctor R.
700 1 _aTorre, Fanny de la.
700 1 _aElías, Enrique.
710 2 _aSecretaría pro tempore del Tratado de Cooperación Amazónica.
942 _2ddc
_cLIBRO
999 _c1574
_d1574